[Event "Kortschnoj 70"]
[Site "St Petersburg"]
[Date "2001.03.22"]
[Round "6"]
[White "Kortschnoj, Viktor Lvovich"]
[Black "Taimanov, Mark E"]
[Result "1-0"]
[WhiteElo "2639"]
[BlackElo "2454"]
[Annotator "Golod,V"]
[PlyCount "99"]
[EventDate "2001.03.20"]
[EventType "tourn (rapid)"]
[EventRounds "10"]
[EventCountry "RUS"]
[EventCategory "13"]
[SourceTitle "CBM 082"]
[Source "ChessBase"]
[SourceDate "2001.05.17"]
[SourceVersion "1"]
[SourceVersionDate "2001.05.17"]
[SourceQuality "1"]

1. d4 Nf6 2. c4 e6 3. Nc3 Bb4 4. Qc2 c5 5. dxc5 O-O 6. a3 Bxc5 7. Nf3 {It's
main line.} (7. Bf4 $5 {See comments to Ostenstad,B-Hansen,S/Munkebo,1998/CBM
67(1/2-1/2)(Golod,V)(26)}) 7... b6 8. Bg5 Bb7 9. e3 $5 {Other options are:9.e4;
9.Rd1 and 9.0-0-0.} Nc6 ({It deserves attention:} 9... h6 $5 {See comments to
Shipov,S-Ivanchuk,V/Las Vegas,1999/CBM 72 (0-1)(Golod,V)(31)}) ({and} 9... Be7
{See comments to Onischuk,A-Marin,M/Koszalin,1999/CBM 73(1-0)(Golod,V)(48)})
10. Rd1 ({Also possibly:} 10. Bd3) ({and} 10. Be2) 10... Be7 11. Be2 ({In my
opinion a slightly better is:} 11. Bd3) 11... Ne8 $146 ({Was checked in the
previous games:} 11... Rc8 $5 12. O-O Na5 {[%csl Rc4]} 13. Ne5 (13. Rd4 $6 h6
14. Bf4 Bxf3 15. gxf3 Nh5 16. Rfd1 Nxf4 17. Rxf4 Nc6 18. Rg4 f5 19. Rg2 a6 (
19... Ne5 20. Qa4 f4 21. exf4 Rxf4 22. Qxa7 $13 {Karason,A-Olafsson,H/
Kopavogur,1994 (0-1)(43)}) 20. Qa4 Nb8 21. Kh1 Bf6 $11 {1/2-1/2 Bode,U-Tatai,S/
Forli 1990/EXT 97 (38)}) 13... d5 $5 {See comments to Nikitin,A-Ripperger,R/St.
Ingbert,1994/CBM 44(1-0) (Nikitin)(36)} (13... d6 $143 14. b4 Qe8 15. bxa5 dxe5
16. axb6 axb6 17. Qb3 {+/=/= Forintos,G-Flesch,J/HUN-ch,1964(0-1) (41)}) (13...
Qc7 $2 14. Bxf6 Bxf6 15. Nxd7 $16 Bxc3)) ({and} 11... d6 $5 12. Rd2 Qb8 13. O-O
h6 14. Bh4 Rd8 15. Rfd1 Na5 $6 (15... a6 $5) 16. b4 $14 {See comments to
Kortschnoj,V-Tiviakov,S/Tilburg,1992/CBM 32(1-0)(Ftacnik,L)(64)}) 12. Bf4 {
[%csl Gf4] /^b8-h2 White it is not necessary to change pieces,because of white
has advantage in spase.} Rc8 13. O-O {+/=/=} a6 {[%csl Ya6][%cal Ya6b5]} 14.
Qb1 {It is necessary to accept the preventive mayors before progress"b4".} d6
15. b4 Qc7 16. c5 $5 {[%csl Rc7,Gf4] This move corresponds to spirit of a
position.} bxc5 ({Probably,it was worse is:} 16... Ne5 17. cxd6 Bxd6 18. Bxe5
$1 (18. Rxd6 $143 Bxf3 19. Rd4 $13) 18... Bxe5 19. Nxe5 Qxe5 (19... Qxc3 $4 20.
Nd7 $18 {[%csl Rf8]}) 20. Na4 $14 {[%csl Rb6]}) 17. bxc5 Nd8 $1 {[%csl Rc5]
[%cal Gc7c5] Black's Q should leave from a /^ b8-h2.} (17... Rd8 $143 18. Bd3
h6 19. Ne4 $36) 18. Ne4 ({Leads to equality:} 18. cxd6 Bxd6 19. Bxd6 Nxd6 20.
Rc1 Qa5 {and so on.}) 18... Bxe4 19. Qxe4 Qxc5 20. Bxa6 Rb8 $5 ({It deserves
attention:} 20... d5 $5 21. Qd3 Ra8 22. a4 Nc7 (22... Nd6 $5) 23. Rc1 $140 Nxa6
24. Rxc5 Nxc5 {[%csl Ra4,Rd3]} 25. Qb5 Rxa4 26. Nd4 {+/=/=}) 21. a4 ({A little
bit better is:} 21. Ra1) 21... Rb4 {[%csl Ra4,Re4]} 22. Rd4 ({Loses right away:
} 22. Qd3 $4 {in view of:} e5 {[%csl Rd3,Rf3,Rf4][%cal Ge5e4]} 23. Rc1 Qa5)
22... d5 23. Qd3 Nc6 {Black's knight with tempo enters to game.} 24. Rxb4 Nxb4
25. Qe2 (25. Qb5 $144 Nxa6 26. Qxa6 $11) 25... Nd6 ({Can be recommended:} 25...
Nxa6 $5 26. Qxa6 Nd6 $11) 26. Bb5 Ne4 $6 {From my point of view it's not the
best decision.} ({Again is better:} 26... Nxb5 $5) 27. Be5 Bd6 28. Bd4 $14 Qc7
29. Qb2 {[%csl Gb2,Gd4,Rg7] /^a1-h8} f6 30. Rc1 Qb7 ({After:} 30... Qe7 31. Nd2
{[%csl Ga4,Gb5,Gd4] white also has a positional advantage.}) 31. Nd2 Bxh2+ $4
$138 {[%mdl 8192] The not compelled and inexplicable tactical miscalculation.}
32. Kxh2 Nxf2 33. Qxb4 Nd3 34. Qxf8+ $1 {This exactest and graceful decision.}
(34. Qc3 $143 Nxc1 35. Qxc1 Rc8 $18) 34... Kxf8 35. Bxd3 $18 {The position
white is absolutely won.The rest not require the comments.} e5 36. Bc5+ Kg8 37.
Bb5 {[%csl Ga4,Gb5,Gc5]} Qb8 38. Kg1 h5 39. Nf1 {[%csl Yf1]} h4 40. Rd1 Qa8 41.
Bb6 {[%cal Ga4a5]} g5 42. a5 {[%csl Yb5,Yb6][%cal Ga5a6,Ga6a7]} g4 43. a6 d4
44. exd4 h3 45. Ne3 {[%csl Ye3][%cal Ye3g2]} Qe4 46. dxe5 {[%csl Yb6][%cal
Yb6e3]} f5 47. a7 f4 48. Bc4+ {[%csl Ga7,Ye4][%cal Gc4d5,Ga7a8]} Kg7 49. Bd5
h2+ 50. Kh1 1-0

[Event "Kortschnoj 70"]
[Site "St Petersburg"]
[Date "2001.03.22"]
[Round "8"]
[White "Rublevsky, Sergei"]
[Black "Kortschnoj, Viktor Lvovich"]
[Result "0-1"]
[WhiteElo "2657"]
[BlackElo "2639"]
[Annotator "Psakhis,L"]
[PlyCount "68"]
[EventDate "2001.03.20"]
[EventType "tourn (rapid)"]
[EventRounds "10"]
[EventCountry "RUS"]
[EventCategory "13"]
[SourceTitle "CBM 082"]
[Source "ChessBase"]
[SourceDate "2001.05.17"]
[SourceVersion "1"]
[SourceVersionDate "2001.05.17"]
[SourceQuality "1"]

1. e4 e6 2. d4 d5 3. Nd2 c5 4. exd5 exd5 5. Ngf3 Nc6 6. Bb5 Qe7+ {This rare
move Kortchnoi plays time to time.} 7. Be2 ({Looks very safe for White-} 7. Qe2
Qxe2+ 8. Bxe2 cxd4 9. Nb3 Bb4+ 10. Kf1 Nf6 11. Nfxd4 O-O 12. Bf4 a6 13. c3 Nxd4
14. Nxd4 Bc5 15. Rd1 Bd7 16. Bf3 Bg4 17. Bxg4 Nxg4 18. f3 Nf6 19. Kf2 $14 {
1-0 Leontiev,G-Sleptsov,Y/UKR-ch Sevastopol 2000 (47)}) 7... cxd4 (7... Nf6 8.
O-O Qc7 9. dxc5 Bxc5 10. Nb3 Be7 11. Bg5 O-O 12. c3 Be6 13. Nbd4 Rad8 14. Qa4
Bd7 15. Rad1 {1/2-1/2 Ivanchuk-Kortchnoi,V/Manila izt 1990 (15)}) 8. O-O Qc7 9.
Nb3 Nf6 $5 {Better than} (9... Bd6 $2 10. Nbxd4 a6 11. c4 $1 Nf6 12. Bg5 $1 {
with white's advantage -} Ne4 13. cxd5 Nxd4 (13... Nxg5 14. dxc6 $18) 14. Qxd4
Nxg5 15. Qxg7 $1 Nxf3+ 16. Bxf3 Rf8 17. Rac1 $18 {1-0 Tal,M-Zaitsev,I/Moscow
1969 (23)}) 10. Nbxd4 a6 11. c4 $1 $146 {Strong novelty in well known position.
Rublevsky wants to open game in moment when Black still didn't finish
development.} (11. Re1 Be7 12. Bg5 O-O 13. Bd3 h6 14. Bh4 Bg4 15. h3 Bxf3 16.
Nxf3 Rfe8 17. c3 Rad8 18. Re3 {1/2-1/2 Peregudov,N-Balashov,Y/Tomsk op 1997 
(18)}) 11... Be7 (11... Nxd4 12. Qxd4 (12. Nxd4 Bd6 $11) 12... Bc5 13. Qh4 $14)
12. cxd5 Nxd5 13. Nb5 ({After} 13. Nxc6 $5 bxc6 (13... Qxc6 14. Ne5 Qd6 15.
Qa4+ $36) 14. Qc2 $14 {white's maybe small, but stable advantage is obvious.})
13... axb5 14. Qxd5 b4 {[%csl Ra2,Rb2,Gb4]} ({Worth considering} 14... Be6 15.
Qxb5 Ra5 16. Qd3 O-O {with good compensation for a pawn.}) 15. Qe4 Ra5 (15...
O-O 16. Ng5 $14) ({Kortchnoi could equalize chances after} 15... Qa5 $5 {
[%cal Gc8f5]} 16. Bd3 Be6 17. Re1 Qh5 $11) 16. Bf4 $36 Qd7 17. Bd3 (17. Rfe1
Qf5 18. Qxf5 Bxf5 19. Bc4 $14) 17... Qg4 (17... Qe6 18. Rfe1 $1 Rxa2 $140 19.
Rxa2 Qxa2 20. Nd4 $1 $18) 18. h3 (18. Bc7 $14) 18... Qh5 19. Rfe1 Bf5 20. Qe3
Bxd3 21. Qxd3 O-O (21... Rd5 22. Qe4 Rd7 23. Rad1 Rxd1 24. Rxd1 {[%csl Gd1,Ge4]
}) 22. Qd7 Qf5 23. Qxb7 (23. Qxf5 Rxf5 $11) 23... Qxf4 24. Qxc6 Bf6 {[%csl Gf6]
Black got some compensation for a pawn, thanks to strong bishop, but I am not
sure, that it's enough for full equalization.} 25. Re8 $5 (25. Re4 Qb8 $44)
25... g6 26. Re4 Qf5 27. Rxb4 Rc8 28. Qb7 (28. Qd6 $142 Rd5 29. Qg3 $16) 28...
Rac5 29. Re4 (29. Rd1 $142) 29... Rb5 30. Qa6 Rxb2 31. Rae1 Rcc2 {[%csl Gb2,
Gc2]} 32. Re8+ Kg7 33. Qd6 Kh6 (33... Qc5 $5 {with possible continuation} 34.
Qxc5 Rxc5 35. R1e2 Ra5 $1 $11 {could lead to a draw}) 34. Nh2 $4 {[%mdl 8192]
Terrible blunder!} ({After correct} 34. R1e4 {[%cal Re4h4]} Qc5 $8 {will be
only move for Black} (34... Rc1+ 35. Kh2 Rxf2 36. Qf8+ Kh5 37. R4e5 $18) 35.
Qxc5 Rxc5 36. Re2 Ra5 37. Rxb2 Bxb2 38. Re2 Rxa2 39. Kh2 f6 40. g3 Ra3 $11)
34... Qxf2+ 0-1

[Event "RUS-chT 08th Group2"]
[Site "Tomsk"]
[Date "2001.05.17"]
[Round "5"]
[White "Kortschnoj, Viktor Lvovich"]
[Black "Garagulya, Konstantin"]
[Result "1-0"]
[WhiteElo "2643"]
[BlackElo "2439"]
[PlyCount "131"]
[EventDate "2001.05.13"]
[EventType "team-tourn"]
[EventRounds "5"]
[EventCountry "RUS"]
[SourceTitle "EXT 2020"]
[Source "ChessBase"]
[SourceDate "2019.10.17"]
[SourceVersion "1"]
[SourceVersionDate "2019.10.17"]
[SourceQuality "1"]
[WhiteTeam "Sankt Petersburg Lentransgaz"]
[BlackTeam "Novosibirsk Transsib"]
[WhiteTeamCountry "RUS"]
[BlackTeamCountry "RUS"]

1. d4 d5 2. c4 e6 3. Nc3 Be7 4. Nf3 Nf6 5. Bg5 O-O 6. e3 b6 7. Bd3 Bb7 8. Bxf6
Bxf6 9. cxd5 exd5 10. O-O Nd7 11. b4 Be7 12. b5 Bd6 13. Qb3 Nf6 14. Kh1 Qe7 15.
a4 c5 16. bxc6 Bxc6 17. Nb5 Bxb5 18. Bxb5 Qb7 19. Bd3 Rfc8 20. a5 Rab8 21. axb6
Qxb6 22. Qxb6 axb6 23. Rab1 Rc3 24. Rfd1 Ne4 25. Bxe4 dxe4 26. Nd2 f5 27. g4 g6
28. gxf5 gxf5 29. Rb5 Rf8 30. Rxb6 Rf6 31. Rb2 Rh6 32. Nf1 Kf7 33. Re1 Ke6 34.
Kg2 Rg6+ 35. Ng3 h5 36. Kh3 Rc8 37. Rb6 Rc2 38. Ra1 Kd7 39. Ra7+ Rc7 40. Rxc7+
Kxc7 41. Rb5 f4 42. exf4 Bxf4 43. Nxe4 Re6 44. f3 Be3 45. d5 Rh6 46. Rb3 Bf4
47. Rc3+ Kd7 48. Ra3 Rb6 49. Ra7+ Ke8 50. Ra4 Kf7 51. Ng3 Be3 52. Re4 Bg1 53.
Re1 Bc5 54. Ne4 Be7 55. Rd1 Rb3 56. Kg3 Rb2 57. Rd2 Rxd2 58. Nxd2 Kf6 59. f4
Kf5 60. Nc4 Ke4 61. d6 Bf6 62. Ne5 Kd5 63. Nf7 Ke6 64. Ng5+ Kxd6 65. Ne4+ Ke6
66. Nxf6 1-0

[Event "EU-ch 2nd"]
[Site "Ohrid"]
[Date "2001.06.07"]
[Round "7"]
[White "Kortschnoj, Viktor Lvovich"]
[Black "Smirnov, Pavel"]
[Result "1-0"]
[WhiteElo "2643"]
[BlackElo "2511"]
[Annotator "Kortschnoj,V"]
[PlyCount "91"]
[EventDate "2001.06.01"]
[EventType "swiss"]
[EventRounds "13"]
[EventCountry "YUG"]
[SourceTitle "CBM 084"]
[Source "ChessBase"]
[SourceDate "2001.09.13"]
[SourceVersion "1"]
[SourceVersionDate "2001.09.13"]
[SourceQuality "1"]

1. d4 Nf6 2. c4 g6 3. Nc3 Bg7 4. e4 d6 5. Be2 O-O 6. Bg5 Na6 {A well-known
theoretical line is 6...c5 7.d5 e6, with inclusion of moves h7-h6 Bg5-h4, or
not. But young people, almost without thinking, put their knight onto the edge
of the board, having not a slightest doubt about strength of this move...} 7.
Nf3 {Another, and rather sharp, line is} (7. f4 c6 8. Nf3 b5 {where white also
has somewhat better chances.}) 7... e5 8. O-O {This is a theoretical position
which occures more often with transposition of moves after 6.Nf3 e5 7.0-0 Na6
8.Bg5.} c6 ({It is known} 8... Qe8 {is not good due to} 9. c5 exd4 10. Bxf6
Bxf6 11. Nd5 Bd8 12. Bxa6 {and so on with a clear advantage to white.}) ({
Less investigated is} 8... h6 9. Bh4 g5 10. dxe5 Nxe4 11. Nxe4 gxh4 {although
I think - white stands a bit better.}) 9. Qd2 Bg4 {My young partner is
certainly not acquainted with an old theory of the King's Indian. There were
games played the following way:} (9... exd4 10. Nxd4 Nc5 11. f3 $2 (11. Bf3 $1)
11... Nfxe4 $1 12. Nxe4 Nxe4 13. fxe4 Bxd4+ 14. Qxd4 Qxg5 {with some black's
advantage.}) 10. Rad1 {More exact would be to put the other rook to d1} Qc7 11.
h3 Be6 ({Or} 11... Bxf3 12. Bxf3 exd4 13. Qxd4 Nd5 14. Nxd5 $1 {white wins a
pawn.}) 12. a3 Rfe8 13. d5 cxd5 14. cxd5 Bd7 15. b4 Rac8 16. Rc1 Qb8 17. Qe3 $6
{Black was threatening to take on c3 and then on e4. White had to protect the
e-pawn by Bd3.} Nh5 $1 {In view of a threat Nf4 the queen on e3 is located
wrong.} 18. Qd2 {So well - to lose one or two tempi in a good position does
not cost much.} Nf4 $2 {But black had to return back to f6.} 19. Bb5 $1 {
It is, in fact, a decisive move. White starts a final assault onto a cramped
black position.} Qc7 {Perhaps the best.} (19... Rxc3 {would cost an exchange
after} 20. Bxd7 {Let's not forget that from d7 the bishop has protected the
"vulnerable" pawn h3 (in case of 20...Rxf3).}) 20. Bxf4 exf4 21. Qxf4 $1 Nb8 ({
It turns out that} 21... Bxc3 {does not work - after} 22. Rxc3 Qxc3 23. Bxd7
Qxa3 $2 24. Ng5 {white would win on the spot.}) 22. Ng5 Re7 {More stubborn was
22...Rf8.} 23. Bxd7 Qxd7 24. Nb5 $1 {Leads to a gain of the second pawn.} Rxc1
({Or} 24... Rce8 25. Nxd6 Be5 26. Nxe8 Bxf4 27. Nf6+ Kg7 28. Nxd7 Nxd7 29. Nf3
Bxc1 30. Rxc1 Rxe4 31. Rc7) 25. Rxc1 Be5 (25... h6 26. Rc7) (25... Qxb5 26.
Rc8+ Bf8 27. Nxh7 $1 Kxh7 28. Qh4+ Kg7 29. Rxf8 Kxf8 30. Qh8#) 26. Qh4 h5 27.
Rc7 Qe8 28. Ne6 Rxc7 (28... Rd7 29. f4 $1) 29. Nbxc7 Qd7 30. Qd8+ Qxd8 31. Nxd8
Bb2 32. a4 Bc3 33. Nxb7 Bxb4 34. Nb5 {The second pawn is falling-the game is
over. But young players are not accustomed to pay tribute to old grandmasters
technic.} a6 35. N5xd6 Nd7 36. Nc4 Kf8 37. Kf1 Nf6 38. f3 Ke7 39. Nba5 Bxa5 40.
Nxa5 Nd7 41. Nc4 Nc5 42. a5 f5 43. e5 Nd3 44. h4 f4 45. Ke2 Nb4 46. Nb6 1-0

[Event "EU-ch 2nd"]
[Site "Ohrid"]
[Date "2001.06.10"]
[Round "9"]
[White "Stojanovski, Dejan"]
[Black "Kortschnoj, Viktor Lvovich"]
[Result "0-1"]
[WhiteElo "2351"]
[BlackElo "2643"]
[PlyCount "52"]
[EventDate "2001.06.01"]
[EventType "swiss"]
[EventRounds "13"]
[EventCountry "YUG"]
[SourceTitle "CBM 084"]
[Source "ChessBase"]
[SourceDate "2001.09.13"]
[SourceVersion "1"]
[SourceVersionDate "2001.09.13"]
[SourceQuality "1"]

1. e4 e6 2. d4 d5 3. Nc3 Nf6 4. Bg5 dxe4 5. Nxe4 Nbd7 6. Nxf6+ Nxf6 7. Nf3 h6
8. Bh4 c5 9. Bb5+ Bd7 10. Bxd7+ Qxd7 11. Qe2 Be7 12. dxc5 O-O 13. O-O Bxc5 14.
Rad1 Qa4 15. c4 Rfd8 16. b3 Qa3 17. Ne5 Be7 18. f4 Rxd1 19. Rxd1 Rd8 20. Rxd8+
Bxd8 21. Qc2 g5 22. Bf2 gxf4 23. Qd2 Bc7 24. Qxf4 Qxa2 25. Qg3+ Kf8 26. Qe3
Qa1+ 0-1

[Event "Biel GM"]
[Site "Biel"]
[Date "2001.07.23"]
[Round "1"]
[White "Gelfand, Boris"]
[Black "Kortschnoj, Viktor Lvovich"]
[Result "0-1"]
[WhiteElo "2714"]
[BlackElo "2617"]
[Annotator "Huebner,R"]
[PlyCount "100"]
[EventDate "2001.07.23"]
[EventType "tourn"]
[EventRounds "10"]
[EventCountry "SUI"]
[EventCategory "16"]
[SourceTitle "CBM 085"]
[Source "ChessBase"]
[SourceDate "2001.11.13"]
[SourceVersion "1"]
[SourceVersionDate "2001.11.13"]
[SourceQuality "1"]

1. d4 {Ftacnik} d5 2. c4 c6 3. Nc3 Nf6 4. Nf3 dxc4 5. a4 Bf5 6. e3 e6 7. Bxc4
Bb4 8. O-O Nbd7 9. Qe2 Bg4 10. e4 {'?!' Ftacnik. Ftacnik: 'This active
approach is dubious, since black can try to win the d4 pawn.' Dieses
Bauernopfer ist von zweifelhafter Qualität. Üblich ist} (10. h3 {oder}) (10.
Rd1) 10... Nb6 11. Bb3 Bxf3 12. Qxf3 Qxd4 13. Rd1 ({Schon gespielt wurde} 13.
a5 {Nach} Nbd7 14. Ra4 Qd6 15. Bf4 e5 16. Bg5 h6 17. Rd1 Qe7 18. Bh4 Bc5 {
hatte Weiß keine nennenswerte Kompensation für den geopferten Bauern: 0-1
Uchitel,S-Kirusha,A/St Petersburg 1998/EXT 99 (61). (61)}) 13... Qe5 14. Bf4 (
14. Bc2 {Ftacnik} O-O 15. Bf4 Qh5 16. Qxh5 Nxh5 17. Bc7 Nc4 $15) 14... Qh5 15.
Qd3 (15. Qxh5 {Ftacnik} Nxh5 16. Bc7 Nd7 $15) 15... Nbd7 {'!' Ftacnik. Ftacnik:
'The defense is very compact, Gelfand entertains only small chances for the
real compensation.'  Nach der Partie gefiel Kortchnoj dieser Zug nicht mehr
recht. Er schlägt statt dessen ("New in Chess" 6/2001, S. 39)} (15... e5 {
vor. Indessen hat Weiß meines Erachtens nach} 16. Be3 (16. Qg3 {(Kortchnoj,
"New in Chess" 6/2001, S. 39)} exf4 17. Qxg7 {kann auch mit} Ke7 {an Stelle
von 17...Dg6 (Kortchnoj) widerlegt werden.}) 16... Nbd7 17. a5 O-O 18. f3 {
durchaus ausreichende Kompensation für den Bauern, weil die Dame des Schwarzen
nur unter den größten Schwierigkeiten ins Spiel zurückfindet.}) (15... O-O {
Ftacnik} 16. Bc2 e5 17. Bg3 Nbd7 $15) 16. e5 Nxe5 17. Qd4 (17. Qg3 {Ftacnik}
Ng6 18. Bc7 Rc8 $19) 17... Bxc3 18. bxc3 {Meines Erachtens bietet das
Wiederschlagen mit der Dame etwas bessere Aussichten auf Widerstand.} ({Nach} 
18. Qxc3 {gibt Kortchnoi folgendes Abspiel:} Ng6 19. Bd6 Ne4 (19... O-O-O {
kommt in Betracht und wurde vielleicht von Gelfand befürchtet.}) 20. Qxg7 Nxd6
(20... Qf5 21. Bg3 Nxg3 22. hxg3 Qe5 23. Qxe5 Nxe5 {ist stärker als die von
Kortchnoj vorgeschlagene Fortsetzung.}) (20... Qe2 {Ftacnik} 21. Bxe6 fxe6 22.
Qxb7 Rd8 23. Qxc6+ Kf7 24. Qc7+ Kf6 25. Be5+ Nxe5 26. Rxd8 Qxf2+ 27. Kh1 Qe2
28. h3 (28. Rxh8 {Ftacnik} Nf2+ 29. Kg1 Nf3+ 30. gxf3 Nh3+ 31. Kh1 Qxf3#) 28...
Ng3+ 29. Kh2 Qf2 $19) 21. Rxd6 ({Die Variante} 21. Bxe6 Qe5 22. Bxf7+ Nxf7 23.
Re1 O-O-O 24. Rxe5 Nfxe5 {, die Kortchnoj ebenfalls angibt, ist für Weiß
sicher nicht zuträglich.}) 21... Qe5 22. Qxe5 Nxe5 23. f4 (23. Rad1 {ist viel
stärker und genügt beinahe zum Ausgleich; es droht 24.Le6:.} Ng4) 23... Nd7 24.
f5 Nc5 25. Bc4 Ke7 {"Weiß kämpft ums Überleben."}) 18... Ng6 19. Bd6 Qa5 {
Nach Kortchnoj der einzige Zug, aber vielleicht war} (19... Qg4 20. Qc5 (20.
Qxg4 {Ftacnik} Nxg4 21. a5 Nf6 $19) (20. f4 {Ftacnik} Nh4 21. Qf2 Ne4 $19)
20... Nh4 21. Bg3 Nf5 {auch spielbar; es droht 22...Sd7.}) 20. Bc5 {"Das
Beste" (Korchnoj).} (20. Bb4 {ist unbefriedigend für Weiß:} Qe5 21. Qc4 Nd5 {
(Kortchnoj, loc. cit.)}) (20. Ba3 Rd8 21. Qc4 (21. Qe3 {wird, wie Korchnoj
angibt, mit} Qb6 22. Qg3 Qxb3 23. Rxd8+ Kxd8 24. Qb8+ Kd7 25. Qd6+ Kc8 $19 {
widerlegt.}) 21... Nd5 22. Rab1 {erhält nach Kortchnoj die Spannung aufrecht,
doch dürfte Weiß nach} Rd7 {kaum ausreichende Kompensation für die beiden
geopferten Bauern finden können.}) 20... b6 21. Bb4 (21. Ba3 $5 {wurde von
Gelfand nach der Partie als Verbesserung vorgeschlagen, und Kortchnoj stimmt
dem bei:} Qe5 22. Qxe5 Nxe5 23. a5 Ng6 (23... c5 $2 {ist wie Kortchnoj angibt,
schlecht; nach} 24. axb6 axb6 25. Bxc5 Rxa1 26. Rxa1 Kd7 {kämpft Schwarz ums
Remis.}) ({"Nach} 23... b5 {"hat Weiß viele Arten, seine Initiative zu
entwickeln, indem er mit} 24. a6 {oder} (24. c4 {beginnt." (Kortchnoj, "New in
Chess" 6/2001, S. 39. Ich muß gestehen, daß mir die Möglichkeiten des Weißen
nicht so rosig erscheinen, zum Beispiel} Nxc4 (24... bxc4 25. Ba4 Nfd7 26. f4
Nd3 {kommt auch in Betracht.}) 25. Bxc4 bxc4 {gefogt von Sf6-d5; oder nach 24.
a6}) 24... Nd5 {usw. Ich halte 23...b5 für die stärkste Fortsetzung in diesem
Abspiel.}) 24. Bc2 (24. Bd6 Ne4 25. Bb4 (25. axb6 Nxd6 26. Rxd6 Ke7 27. Rxc6
axb6 28. Rxa8 Rxa8 29. g3 {gibt dem Weißen noch die Möglichkeit,
weiterzukämpfen.}) 25... c5 26. axb6 cxb4 27. Ba4+ Ke7 28. Bc6 Nxc3 29. Rd7+
Kf6 30. Bxa8 b3 {"mit Vorteil für Schwarz": Kortchnoj, "New in Chess" 6/2001,
S. 39.}) ({Nun scheitert} 24. axb6 axb6 25. Bb4 {an} Rxa1 26. Rxa1 c5 {, weil
der Turm auf h8 gedeckt ist (Kortchnoj).}) 24... c5 25. axb6 axb6 26. Bxg6 hxg6
27. Bxc5 Rxa1 28. Rxa1 Kd7 29. Bxb6 {führt nach Kortchnoj zum Ausgleich, aber
er scheint mir allzu fixiert auf die Idee, c6-c5 zu spielen; 24...ba5: und 24..
.b5 verdienen Untersuchung.}) 21... Qe5 22. Qxe5 (22. Qc4 {Ftacnik} c5 23. Qb5+
Ke7 $19) 22... Nxe5 23. Bd6 (23. a5 c5 {ist nun hoffnungslos für Weiß.} 24.
axb6 cxb4 25. Rxa7 Rxa7 26. bxa7 Ke7 $19) 23... Ned7 24. a5 Ne4 {Dies ist eine
sichere Fortsetzung; Schwarz erhält ein Endspiel mit einem gesunden Mehrbauern,
doch ist nicht klar, ob es als sicher gewonnen einzuschätzen ist. Mit} (24...
b5 $5 {war es möglich, nach mehr zu streben.} 25. c4 Ne4 26. cxb5 cxb5 27. Bb4)
25. axb6 Nxd6 {'!' Ftacnik. Ftacnik: 'Kortschnoj is avoiding the dangers of
fighting against bishops pair and prefers to give back one of the pawns.'} (
25... Nxb6 {Ftacnik} 26. Be5 f6 27. Bd4 c5 28. Bc2 cxd4 29. Bxe4 Rc8 30. cxd4
$15) 26. Rxd6 Ke7 27. Rxc6 axb6 {Diese Stellung ist viel besser für Schwarz
als die oben unter 21.Lb4 zu a) 24.Ld6, 1. Klammer angegebene; der Springer
des Schwarzen steht hier auf d7, dort auf g6.} 28. Rb1 Rhc8 29. Ba4 Nc5 30. Bb5
(30. Rxc8 Rxc8 31. Bc2 Nd7 32. Rb3 {war vielleicht zäher.} Nf6 $17) 30... Rxc6
31. Bxc6 Ra2 (31... Ra3 {war laut Korchnoj genauer.}) 32. h4 Kd8 (32... Kd6 {
ist ungenau; Weiß antwortet} 33. Be8) 33. Rd1+ Kc7 34. Be8 f6 35. Bb5 Ra3 36.
c4 e5 37. Kf1 Ra2 38. Rd5 $6 (38. f3 {war richtig, um e5-e4 zu verhindern 
(Korchnoj, "New in Chess" 6/2001, S.40.).}) 38... e4 39. h5 h6 40. Kg1 (40. g3
{war laut Kortchnoj zäher, um den König im Zentrum zu halten.}) 40... Ra3 {
Schwarz strebt den Turmtausch an; danach kann er seinen König entscheidend
aktivieren.} 41. Kh2 ({Auf} 41. Rd1 {folgt} Nd3 {und der König des Schwarzen
findet den Weg ins Zentrum.}) 41... Rd3 42. Rf5 Kd6 43. Rf4 Ke5 44. Rg4 Ne6 45.
Bc6 Ng5 46. f4+ Kf5 47. Rh4 Ne6 48. g4+ Kxf4 49. g5+ Kxg5 50. Rxe4 Nd4 0-1